| 000 | 00610nam a2200229Ia 4500 | ||
|---|---|---|---|
| 003 | OSt | ||
| 005 | 20250714093810.0 | ||
| 008 | 210423s2007 xx 000 0 und d | ||
| 020 | _a9780761935629 | ||
| 040 | _cAL | ||
| 041 | _aeng | ||
| 082 |
_a070.40954 _bRAJT |
||
| 100 |
_aNalini Rajan _975992 |
||
| 245 | _aTwenty first century journalism in India | ||
| 260 |
_aNew Delhi _bSage Publications _c2007 |
||
| 300 |
_a324 _bPB |
||
| 365 |
_b395 _cINR |
||
| 650 |
_aJournalism _975993 |
||
| 650 |
_aJournalism & Media _975994 |
||
| 906 | _acentury ; India. ; journalism ; Twentyfirst | ||
| 942 |
_2ddc _cBK |
||
| 999 |
_c155571 _d155571 |
||